Регионална библиотека "Любен Каравелов" - Русе

Les scandales de Saint-Petersbourg (Запис номер 391385)

MARC детайли
000 -Лидер
Контролно поле с фиксирана дължина 01924cam a22003491a 4500
001 - Контролен номер на записа
Контролно поле 9597925
003 - Код на организацията, давaща контролен номер
Контролно поле BLK
005 - Дата и час на последна редакция
Контролно поле 20231030114812.0
008 - Елементи от данни с фиксирана дължина
fixed length control field 770801s1885 fr 000 0 fre
010 ## - Наследен системен номер
LC control number 01022043
040 ## - Източник на каталожния запис
Transcribing agency BLK
Идентификатор на билиотеката - собственик на записа BLK
041 ## - Код за език
Код за езика на текст/звукозапис или на отделно заглавие Френски
Код за езика КДБФ Френски
080 ## - УДК
Текстов определител УДК Средновековна и нова обща история
УДК код - определител по УДК 94
УДК - код + определител 94
245 13 - Сведения за заглавието
Заглавие Les scandales de Saint-Petersbourg
250 ## - Област на изданието
Сведения за изданието 3. ed.
260 ## - Област на издателските данни
Място на издаване, разпространение и проч. Paris
Име на издателя, разпространителя и проч. Albert Savine
Година на издаване 1887
9 (RLIN) 436025
300 ## - Физическа характеристика
Страници 327 с.
Размери/Мащаб 17 см
380 ## - Жанр
Жанр История
490 ## - СЕРИИ (Колекции)
9 (RLIN) 435080
Име на серия Колекция Редки и ценни издания
490 ## - СЕРИИ (Колекции)
9 (RLIN) 435931
Име на серия Лична библиотека на Захари Стоянов
Бележки за серията № 58
500 ## - Общи забележки
Забележка Датирано: 27.IV.1936 г. № 213
653 #7 - Ключова дума – ненормативна
9 (RLIN) 187889
Ключова дума история
852 ## - Местоположение
Форматна сигнатура Рф 1887 ЗСт
Фондова буква Редки и ценни
856 ## - Електронен адрес и достъп
Име на файл Съдържание
Права за достъп Достъп за регистрирани потребители
Електронен формат jpg - файл
Път до файла /url/ http://185.138.176.146:18082/cgi-bin/koha/opac-retrieve-file.pl?id=cca9d796d38dbb76ac1a44a7d4b01f39
Допълнителна информация (Корица, съдържание, пълен текст, звуков файл, HTML файл) Изображение
Информация за съдържанието Съдържание 1
856 ## - Електронен адрес и достъп
Име на файл Съдържание
Права за достъп Достъп за регистрирани потребители
Електронен формат jpg - файл
Път до файла /url/ http://185.138.176.146:18082/cgi-bin/koha/opac-retrieve-file.pl?id=2786b8c4894ea7b805c7098e1bb977ee
Допълнителна информация (Корица, съдържание, пълен текст, звуков файл, HTML файл) Изображение
Информация за съдържанието Съдържание 2
856 ## - Електронен адрес и достъп
Име на файл Съдържание
Права за достъп Достъп за регистрирани потребители
Електронен формат jpg - файл
Път до файла /url/ http://185.138.176.146:18082/cgi-bin/koha/opac-retrieve-file.pl?id=aa98a232cefbd4b7b4c288c1ffef3fe9
Допълнителна информация (Корица, съдържание, пълен текст, звуков файл, HTML файл) Изображение
Информация за съдържанието Съдържание 3
856 ## - Електронен адрес и достъп
Име на файл Съдържание
Права за достъп Достъп за регистрирани потребители
Електронен формат jpg - файл
Път до файла /url/ http://185.138.176.146:18082/cgi-bin/koha/opac-retrieve-file.pl?id=e8a80ca606c5e2750b96165255eb533d
Допълнителна информация (Корица, съдържание, пълен текст, звуков файл, HTML файл) Изображение
Информация за съдържанието Съдържание 4
856 ## - Електронен адрес и достъп
Име на файл Съдържание
Права за достъп Достъп за регистрирани потребители
Електронен формат jpg - файл
Път до файла /url/ http://185.138.176.146:18082/cgi-bin/koha/opac-retrieve-file.pl?id=48408ce5f194590f7793d29b00eed643
Допълнителна информация (Корица, съдържание, пълен текст, звуков файл, HTML файл) Изображение
Информация за съдържанието Съдържание 5
942 ## - АРТИКУЛИ
Източник на класификационната схема Universal Decimal Classification
Вид на библиотечния материал Книги
Скрит в OPAC Не
Периодичен библиозапис Да
Koha issues (borrowed), all copies 1
944 ## - СЪЗДАВАНЕ И РЕДАКЦИЯ на ЗАПИСА
Създаване/Редакция Създаване
Дата на регистрацията/редакция 2020-11-06
Служител, извършил регистрацията/редакцията 30542
Статус, дата на статуса Русанова Ирена
999 ## - СИСТЕМНИ КОНТРОЛНИ НОМЕРА
Koha biblionumber 391385
Koha biblioitemnumber 391385
999 ## - СИСТЕМНИ КОНТРОЛНИ НОМЕРА
Koha biblioitemnumber 391385
Наличности
Код за отписване Код за изгубен артикул Източник на класификационната схема Код за повреда Коз за рестрикции Код за отдаване Артикулен № Име на библиотеката - собственик Име на библиотеката, в която се намира в момента Статус (Текущо местоположение) Дата на вписване в системата Местоположение - отдел Цена в лева Инвентарен номер Систематично азбучна сигнатура Баркод Цена в евро Служебен тип на артикула
  Не е изгубен Universal Decimal Classification Не е повреден само за читалня Специални фондове ( старопечатни, редки и ценни, фонд М. Арнаудов) 804845 Регионална библиотека "Любен Каравелов" Русе Регионална библиотека "Любен Каравелов" Русе Редки и ценни 2020-11-06 Редки и ценни 0.26 4286 Рф 887 ЗСт 900000038385 0.13 Книги
Vip Innovations Ltd, Rousse, Bulgaria 2025